Normal view
MARC view
Entry Personal Name
001 - CONTROL NUMBER
- control field: 44871
003 - CONTROL NUMBER IDENTIFIER
- control field: ARRUPE
005 - DATE AND TIME OF LATEST TRANSACTION
- control field: 20190222100137.0
008 - FIXED-LENGTH DATA ELEMENTS
- fixed length control field: 190222|| aca||aabn | a|a d
040 ## - CATALOGING SOURCE
- Original cataloging agency: ARRUPE
- Transcribing agency: ARRUPE
100 ## - HEADING--PERSONAL NAME
- Personal name: Jesus Christ
- General subdivision: Friends and associates
- Form subdivision: Biography.
670 ## - SOURCE DATA FOUND
- Source citation: Work cat.: (ARRUPE)0: Jesus among friends and enemies :, c2011.